000 00427nam a22001697a 4500
005 20230609191658.0
008 230609b |||||||| |||| 00| 0 eng d
020 _a9780471327479
082 _a 005.4469
_bBUR-E
100 _aBurdick Robert
245 _aEssential Windows CE application programming
260 _aIndia
_bWiley
_c1999
300 _a460
650 _aEngineering
700 _aRobert Burdick
999 _c18718
_d18718